000
00446nam a2200169Ia 4500
008
100917s9999 xx 000 0 und d
082
_b
5580
100
_a
आपटे ह. ना.
245
_a
उमज पडेल तर
260
_b
---
365
_b
1
520
_a
कादंबरी
630
_a
उमज पडेल तर
650
_a
कादंबरी
730
_a
उमज पडेल तर
942
_c
BOOK
999
_c
610974
_d
610971